Sports Quiz

Random Sports or Baseball Quiz

MLB 500 Doubles Club Quiz Stats

 Plays Quiz Updated Oct 1, 2019

Score 0/63 Timer 10:00
0 Plays Today
Achieved Player % Correct
1934Babe Ruth
89.8%
2012Alex Rodriguez
85.8%
1922Ty Cobb
85.3%
2007Ivan Rodriguez
84.1%
1959Ted Williams
83%
1977Pete Rose
82.9%
1969Hank Aaron
81.8%
2002Barry Bonds
81.5%
2012Derek Jeter
80.8%
1971Willie Mays
79.2%
1937Lou Gehrig
78.6%
2012*Albert Pujols
73.1%
2003Craig Biggio
71.2%
2008Ken Griffey Jr.
71.2%
1997Cal Ripken
70.4%
1954Stan Musial
68.8%
1911Honus Wagner
67.2%
1974Frank Robinson
67.1%
2011Chipper Jones
66.2%
2008Manny Ramirez
65.9%
1999Tony Gwynn
63.3%
1989George Brett
63.1%
2013David Ortiz
62.7%
2001Rickey Henderson
62.5%
1991Robin Yount
60%
1996Wade Boggs
58.7%
1995Paul Molitor
58.7%
1977Carl Yastrzemski
56.9%
1994Eddie Murray
56.3%
2006Luis Gonzalez
55.8%
2016*Miguel Cabrera
55.2%
1922Tris Speaker
54.9%
Achieved Player % Correct
2002Rafael Palmeiro
54.6%
2009Todd Helton
51.1%
2004Edgar Martinez
49.4%
1931Rogers Hornsby
48.9%
1993Dave Winfield
47.9%
1894Cap Anson
46.1%
1910Nap Lajoie
45.7%
1995Andre Dawson
42.3%
2014Adrian Beltre
39.4%
1938Paul Waner
37.4%
2015Carlos Beltran
36.3%
2004Roberto Alomar
35.6%
2009Garret Anderson
33.7%
1986Tony Perez
32.2%
2015Jimmy Rollins
31.5%
2017*Robinson Cano
30.4%
1939Charlie Gehringer
29.9%
2006Jeff Kent
29.1%
1990Dave Parker
28%
1938Al Simmons
27.6%
2002Mark Grace
23%
2011Johnny Damon
20.6%
2010Bobby Abreu
19.8%
2005John Olerud
19.8%
1944Joe Medwick
19.7%
1902Ed Delahanty
18.8%
1930Harry Heilmann
18.2%
2011Scott Rolen
17.2%
1938Goose Goslin
14.4%
1984Al Oliver
13.3%
1941Joe Cronin
11.9%

You're not logged in!

Compare scores with friends on all Sporcle quizzes.
OR
Log In

Sporcle TV

Today on Sporcle TV


Watch our educational content, quiz creation guides, and fun videos on Sporcle TV.

Show Comments

Extras

Top Quizzes Today


Score Distribution

Your Account Isn't Verified!

In order to create a playlist on Sporcle, you need to verify the email address you used during registration. Go to your Sporcle Settings to finish the process.

Report this User

Report this user for behavior that violates our Community Guidelines.

Details: